1444 1216 1074 1337 1312 1111 1277 1058 1907 1227 1954 1471 1078 1030 1954 1659 1245 1476 1230 1440 1347 1288 1384 1891 1553 1439 1760 1913 1160 1665 1675 1510 1197 1239 1801 1972 1230 1773 1606 1905 1781 1665 1254 1379 1521 1527 1367 1116 1024 1994 1035 1973 1225 1881 1409 1989 1128 1731 1231 1796 1154 1949 1360 1086 1420 1209 1045 1722 1928 1100 1386 1525 1743 1897 1365 1726 1015 1040 1739 1760 1206 1615 1150 1522 1939 1413 1712 1840 1194 1428 1428 1079 1829 1819 1247 1728 1547 1706 1680 BCNSPRNW ULIB Ver.6.0+V

เปลี่ยนเป็นภาษาไทย

Change to English
 แสดงรายละเอียดบรรณานุกรม
  กลับหน้าหลัก

Brief Record : Get Marc (ISO 2709) : E-mail record : QR code < ปิดหน้าต่าง
LEADER : 00000nam 2200000uu 4500
001    13399110958
003     ULIB
008    110614s||||||||th 000 0 tha d
020    9749294696
050 04 AC158^bพ919 2003
100 1  โอแลนด์, พาเมล่า ฟิลลิปส์
245 10 เพลงรักทำให้เราตาสว่าง = The art of writing love songs /^cของPamela Phillips Oland ; เมฆฝน แปล
250    พิมพ์ครั้งที่ 1
260    [กรุงเทพฯ] :^bGoodbooks,^c2548
300    414 หน้า ;^c21 ซม
505 2  คิดอย่างนักแต่งเพลง -- จะเขียนอะไรดี -- หลักการเบื้องต้นในการแต่งเพลง-- การวางโครงสร้างและการลงมือเขียนเพลง
650  7 เพลงรัก^xประวัติและวิจารณ์
650  7 เพลง
700 0  เมฆฝน
700 12 Oland, Pamela Phillips,^d1947-.^tArt of writing love songs
945    ^p319^l0^i023150
995    ทศพร
999 ^a ใช้งานได้ทุกระบบ
รายการนี้ยังไม่มีแท็ก
คุณยังไม่ได้ล็อกอิน คุณสามารถมีกิจกรรมร่วมกับเว็บไซต์ได้ แต่ต้องล็อกอินก่อน ::
  ล็อกอิน

รายการสื่อสารสนเทศ

ลำดับที่ ประเภท เลขเรียก/บาร์โค้ด สถานที่ สถานะ
- ไม่พบข้อมูล -

รายการใกล้เคียง
    หัวเรื่อง [เพลง]

BibComment


ยังไม่เคยถูกคอมเมนท์

คอมเมนท์ทรัพยากรรายการนี้
  คอมเมนท์: เพลงรักทำให้เราตา..


 Copyright 2026. Bcnsprnw @Library